Statistics for Countries with 11 Letters in its Name

Click here to take the quiz!

General Stats

  • This quiz has been taken 34 times
  • The average score is 7 of 9

Answer Stats

HintAnswer% Correct
AsiaPhilippines
94%
EuropeSwitzerland
84%
AsiaAfghanistan
78%
EuropeNetherlands
75%
AsiaSaudi Arabia
75%
AfricaSouth Africa
75%
AfricaBurkina Faso
66%
AfricaSierra Leone
66%
EuropeVatican CIty
47%

Score Distribution

Percentile by Number Answered

Percent of People with Each Score

Your Score History

You have not taken this quiz